[Event "Thematic B78/22: Sicilian dragon, Yug. attack, Bc4"]
[Site "SchemingMind.com"]
[Date "2006.02.24"]
[Round "-"]
[White "mkefeli"]
[Black "Erhaem"]
[Result "1-0"]
[WhiteCountry "TUR"]
[BlackCountry "NED"]
[WhiteElo "1866"]
[WhiteRD "88"]
[BlackElo "2018"]
[BlackRD "52"]
[GameID "40359"]

1. e4 c5 2. Nf3 d6 3. d4 cxd4 4. Nxd4 Nf6 5. Nc3 g6 6. Be3 Bg7 7. f3 Nc6 8. Qd2 O-O 9. Bc4 Bd7 10. O-O-O Rc8
11. Bb3 Ne5 12. h4 Nc4 13. Bxc4 Rxc4 14. h5 Nxh5 15. g4 Nf6 16. Nde2 Re8 17. Kb1 Qa5 18. Bd4 e5 19. Be3 Re6 20. Ng3 Ba4
21. Nf5 gxf5 22. gxf5 Re7 23. Rdg1 Re8 24. Rxg7+
1-0

[Event "Thematic B78/22: Sicilian dragon, Yug. attack, Bc4"]
[Site "SchemingMind.com"]
[Date "2006.02.24"]
[Round "-"]
[White "Erhaem"]
[Black "mkefeli"]
[Result "1-0"]
[WhiteCountry "NED"]
[BlackCountry "TUR"]
[WhiteElo "2018"]
[WhiteRD "52"]
[BlackElo "1866"]
[BlackRD "88"]
[GameID "40360"]

1. e4 c5 2. Nf3 d6 3. d4 cxd4 4. Nxd4 Nf6 5. Nc3 g6 6. Be3 Bg7 7. f3 Nc6 8. Qd2 O-O 9. Bc4 Bd7 10. O-O-O Qa5
11. Bb3 Rfc8 12. h4 Ne5 13. Kb1 Nc4 14. Bxc4 Rxc4 15. Nb3 Qd8 16. e5 Ne8 17. h5 Bxe5 18. hxg6 hxg6 19. Bd4 Bxd4 20. Nxd4 f6
21. Qd3 Rc5 22. Qxg6+ Ng7 23. Rh7 Qf8 24. Rdh1
1-0

[Event "Thematic B78/22: Sicilian dragon, Yug. attack, Bc4"]
[Site "SchemingMind.com"]
[Date "2006.02.25"]
[Round "-"]
[White "doodledandy"]
[Black "Erhaem"]
[Result "1-0"]
[WhiteCountry "CAN"]
[BlackCountry "NED"]
[WhiteElo "2369"]
[WhiteRD "65"]
[BlackElo "2032"]
[BlackRD "51"]
[GameID "40473"]

1. e4 c5 2. Nf3 d6 3. d4 cxd4 4. Nxd4 Nf6 5. Nc3 g6 6. Be3 Bg7 7. f3 Nc6 8. Qd2 O-O 9. Bc4 Bd7 10. O-O-O Rc8
11. Bb3 Ne5 12. h4 Nc4 13. Bxc4 Rxc4 14. g4 Qa5 15. Nb3 Qa6 16. Bh6 Bxh6 17. Qxh6 Ba4 18. Kb1 Bxb3 19. cxb3 Rc7 20. h5 e6
21. e5 dxe5 22. g5
1-0

[Event "Thematic B78/22: Sicilian dragon, Yug. attack, Bc4"]
[Site "SchemingMind.com"]
[Date "2006.02.26"]
[Round "-"]
[White "doodledandy"]
[Black "mkefeli"]
[Result "1-0"]
[WhiteCountry "CAN"]
[BlackCountry "TUR"]
[WhiteElo "2388"]
[WhiteRD "68"]
[BlackElo "1866"]
[BlackRD "88"]
[GameID "40474"]

1. e4 c5 2. Nf3 d6 3. d4 cxd4 4. Nxd4 Nf6 5. Nc3 g6 6. Be3 Bg7 7. f3 Nc6 8. Qd2 O-O 9. Bc4 Bd7 10. O-O-O Qa5
11. Bb3 Rfc8 12. Kb1 Ne5 13. h4 Nc4 14. Bxc4 Rxc4 15. Nb3 Qd8 16. h5 Rac8 17. hxg6 fxg6 18. g4 a5 19. e5 Ne8 20. exd6 Rxc3
21. bxc3 Bxc3 22. dxe7 Qxe7 23. Qxd7
1-0

[Event "Thematic B78/22: Sicilian dragon, Yug. attack, Bc4"]
[Site "SchemingMind.com"]
[Date "2006.02.25"]
[Round "-"]
[White "Erhaem"]
[Black "doodledandy"]
[Result "0-1"]
[WhiteCountry "NED"]
[BlackCountry "CAN"]
[WhiteElo "2018"]
[WhiteRD "52"]
[BlackElo "2388"]
[BlackRD "68"]
[GameID "40475"]

1. e4 c5 2. Nf3 d6 3. d4 cxd4 4. Nxd4 Nf6 5. Nc3 g6 6. Be3 Bg7 7. f3 Nc6 8. Qd2 O-O 9. Bc4 Bd7 10. O-O-O Rc8
11. Bb3 Ne5 12. h4 h5 13. Bg5 Rc5 14. g4 hxg4 15. f4 Nc4 16. Qe2 b5 17. f5 Qa5 18. Bxf6 Bxf6 19. Qxg4 Kg7 20. h5 g5
21. h6+ Kh7 22. Rh3 Bc6 23. Rg1 Ne5 24. Qh5 g4 25. Rhg3 Rxc3 26. Rxc3 Qb6 27. Rd1 Bxe4 28. Rg3 d5 29. c3 b4 30. Bc2 Nf3
31. Bxe4 bxc3 32. bxc3 dxe4 33. Qxg4 Rb8 34. Nb3 Qe3+ 35. Rd2 Rd8
0-1

[Event "Thematic B78/22: Sicilian dragon, Yug. attack, Bc4"]
[Site "SchemingMind.com"]
[Date "2006.02.25"]
[Round "-"]
[White "mkefeli"]
[Black "doodledandy"]
[Result "0-1"]
[WhiteCountry "TUR"]
[BlackCountry "CAN"]
[WhiteElo "1881"]
[WhiteRD "90"]
[BlackElo "2403"]
[BlackRD "67"]
[GameID "40476"]

1. e4 c5 2. Nf3 d6 3. d4 cxd4 4. Nxd4 Nf6 5. Nc3 g6 6. Be3 Bg7 7. f3 Nc6 8. Qd2 O-O 9. Bc4 Bd7 10. O-O-O Rc8
11. Bb3 Ne5 12. h4 Nc4 13. Bxc4 Rxc4 14. h5 Nxh5 15. g4 Nf6 16. Nde2 Re8 17. Bd4 Qa5 18. Kb1 Be6 19. g5 Nh5 20. Bxg7 Kxg7
21. Nf4 Nxf4 22. Qxf4 Rxc3 23. bxc3 Rc8 24. Rxh7+ Kxh7 25. Qh2+ Kg8 26. Rh1 Qxa2+ 27. Kc1 Qa1+ 28. Kd2 Qxc3+ 29. Kc1 Bh3
0-1

[Event "Thematic B78/22: Sicilian dragon, Yug. attack, Bc4"]
[Site "SchemingMind.com"]
[Date "2006.02.25"]
[Round "-"]
[White "Gary"]
[Black "Erhaem"]
[Result "0-1"]
[WhiteCountry "ENG"]
[BlackCountry "NED"]
[WhiteElo "1453"]
[WhiteRD "58"]
[BlackElo "2018"]
[BlackRD "52"]
[GameID "40494"]

1. e4 c5 2. Nf3 d6 3. d4 cxd4 4. Nxd4 Nf6 5. Nc3 g6 6. Be3 Bg7 7. f3 Nc6 8. Qd2 O-O 9. Bc4 Bd7 10. O-O Rc8
11. Bb3 Ne5 12. Rad1 Nc4 13. Bxc4 Rxc4 14. Nb3 Qc7 15. Qf2 b6 16. Nd2 Rc6
0-1

[Event "Thematic B78/22: Sicilian dragon, Yug. attack, Bc4"]
[Site "SchemingMind.com"]
[Date "2006.02.25"]
[Round "-"]
[White "Gary"]
[Black "doodledandy"]
[Result "0-1"]
[WhiteCountry "ENG"]
[BlackCountry "CAN"]
[WhiteElo "1477"]
[WhiteRD "63"]
[BlackElo "2403"]
[BlackRD "67"]
[GameID "40495"]

1. e4 c5 2. Nf3 d6 3. d4 cxd4 4. Nxd4 Nf6 5. Nc3 g6 6. Be3 Bg7 7. f3 Nc6 8. Qd2 O-O 9. Bc4 Bd7 10. O-O Ne5
11. Bb3 Rc8 12. Rad1 Nc4 13. Bxc4 Rxc4 14. Kh1 Qc8 15. Rf2 a6 16. Nb1 Qc7 17. c3 b5 18. Na3 Ra4 19. Ndc2 Be6 20. b3 Ra5
0-1

[Event "Thematic B78/22: Sicilian dragon, Yug. attack, Bc4"]
[Site "SchemingMind.com"]
[Date "2006.02.26"]
[Round "-"]
[White "Gary"]
[Black "mkefeli"]
[Result "0-1"]
[WhiteCountry "ENG"]
[BlackCountry "TUR"]
[WhiteElo "1500"]
[WhiteRD "68"]
[BlackElo "1922"]
[BlackRD "82"]
[GameID "40496"]

1. e4 c5 2. Nf3 d6 3. d4 cxd4 4. Nxd4 Nf6 5. Nc3 g6 6. Be3 Bg7 7. f3 Nc6 8. Qd2 O-O 9. Bc4 Bd7 10. O-O Rc8
11. Bb3 Na5 12. Rad1 Nc4 13. Bxc4 Rxc4 14. b3 Rc8 15. Nd5 Nxd5 16. exd5 e5 17. Ne2 a6 18. Ng3 f5 19. f4 Qe7 20. Rfe1 b5
21. Qd3 e4 22. Qe2 b4 23. Bd4 Bb5 24. Qe3 Rxc2 25. Rd2 Rfc8 26. Red1 Qc7 27. Bb6 Qb7 28. Bd4 Bd3 29. Bxg7 Qxg7
0-1

[Event "Thematic B78/22: Sicilian dragon, Yug. attack, Bc4"]
[Site "SchemingMind.com"]
[Date "2006.02.25"]
[Round "-"]
[White "Erhaem"]
[Black "Gary"]
[Result "1-0"]
[WhiteCountry "NED"]
[BlackCountry "ENG"]
[WhiteElo "2018"]
[WhiteRD "52"]
[BlackElo "1453"]
[BlackRD "58"]
[GameID "40497"]

1. e4 c5 2. Nf3 d6 3. d4 cxd4 4. Nxd4 Nf6 5. Nc3 g6 6. Be3 Bg7 7. f3 Nc6 8. Qd2 O-O 9. Bc4 Bd7 10. O-O-O a6
11. h4 h5 12. Nxc6 bxc6 13. Qe1 Qc8 14. Bd4 c5 15. Bxf6 Bxf6 16. Nd5 Bg7 17. Nxe7+
1-0

[Event "Thematic B78/22: Sicilian dragon, Yug. attack, Bc4"]
[Site "SchemingMind.com"]
[Date "2006.02.25"]
[Round "-"]
[White "doodledandy"]
[Black "Gary"]
[Result "1-0"]
[WhiteCountry "CAN"]
[BlackCountry "ENG"]
[WhiteElo "2403"]
[WhiteRD "67"]
[BlackElo "1477"]
[BlackRD "63"]
[GameID "40498"]

1. e4 c5 2. Nf3 d6 3. d4 cxd4 4. Nxd4 Nf6 5. Nc3 g6 6. Be3 Bg7 7. f3 Nc6 8. Qd2 O-O 9. Bc4 Bd7 10. O-O-O a6
11. Nxc6 bxc6 12. h4 h5 13. Qe1 Qc8 14. Na4 Rb8 15. Nb6 Qb7 16. a4 c5 17. a5 Bc6 18. e5 Nd7 19. exd6 exd6 20. Rxd6 Nxb6
21. axb6 Qxb6 22. b3 Rbd8 23. Rxg6
1-0

[Event "Thematic B78/22: Sicilian dragon, Yug. attack, Bc4"]
[Site "SchemingMind.com"]
[Date "2006.02.25"]
[Round "-"]
[White "mkefeli"]
[Black "Gary"]
[Result "1-0"]
[WhiteCountry "TUR"]
[BlackCountry "ENG"]
[WhiteElo "1970"]
[WhiteRD "84"]
[BlackElo "1513"]
[BlackRD "66"]
[GameID "40499"]

1. e4 c5 2. Nf3 d6 3. d4 cxd4 4. Nxd4 Nf6 5. Nc3 g6 6. Be3 Bg7 7. f3 Nc6 8. Qd2 O-O 9. Bc4 Nd7 10. O-O-O Nb6
11. Bb3 Na5 12. h4 Nxb3+ 13. axb3 Bd7 14. h5 Re8 15. hxg6 hxg6 16. Bh6 e5 17. Bxg7 Kxg7 18. Qh6+ Kf6 19. Qh4+ Kg7 20. Nf5+ Bxf5
21. Qh6+ Kf6 22. exf5 Rh8 23. Ne4+
1-0

[Event "Thematic B78/22: Sicilian dragon, Yug. attack, Bc4"]
[Site "SchemingMind.com"]
[Date "2006.03.07"]
[Round "-"]
[White "jenricks"]
[Black "Gary"]
[Result "0-1"]
[WhiteCountry "ENG"]
[BlackCountry "ENG"]
[WhiteElo "1883"]
[WhiteRD "85"]
[BlackElo "1425"]
[BlackRD "59"]
[GameID "40519"]

1. e4 c5 2. Nf3 d6 3. d4 cxd4 4. Nxd4 Nf6 5. Nc3 g6 6. Be3 Bg7 7. f3 Nc6 8. Qd2 O-O 9. Bc4 Bd7 10. Nxc6 bxc6
11. O-O Qc7 12. Rad1 Rab8 13. b3 Rfd8 14. Rfe1 Ne8 15. Bg5 Bf6 16. Bxf6 Nxf6 17. Qg5 Kg7 18. e5 Qa5
0-1

[Event "Thematic B78/22: Sicilian dragon, Yug. attack, Bc4"]
[Site "SchemingMind.com"]
[Date "2006.02.25"]
[Round "-"]
[White "jenricks"]
[Black "Erhaem"]
[Result "1/2-1/2"]
[WhiteCountry "ENG"]
[BlackCountry "NED"]
[WhiteElo "2158"]
[WhiteRD "69"]
[BlackElo "2018"]
[BlackRD "52"]
[GameID "40520"]

1. e4 c5 2. Nf3 d6 3. d4 cxd4 4. Nxd4 Nf6 5. Nc3 g6 6. Be3 Bg7 7. f3 Nc6 8. Qd2 O-O 9. Bc4 Bd7 10. Nxc6 bxc6
11. O-O-O Qa5 12. Bh6 Bxh6 13. Qxh6 Qc5 14. Bb3 Rab8 15. Kb1 Be6 16. Rd2 Bxb3 17. axb3 a5 18. Rhd1 a4 19. Nxa4 Qa5 20. Qe3 Rb7
21. Qc3 Qc7 22. g4 Ra8 23. h4 Rb5 24. Qd4 Qb7 25. Qe3 Rba5 26. Qc3 Nd7 27. h5 Nb6 28. hxg6 fxg6 29. Rh1 Nxa4 30. bxa4 Rxa4
31. b3 R4a5 32. Rdh2 Qa7 33. Kc1 Ra1+ 34. Kd2 Rxh1 35. Rxh1 Qf2+ 36. Kc1 Rf8 37. Qc4+ Kg7= 38. Qc3+ Kg8=
1/2-1/2

[Event "Thematic B78/22: Sicilian dragon, Yug. attack, Bc4"]
[Site "SchemingMind.com"]
[Date "2006.02.25"]
[Round "-"]
[White "jenricks"]
[Black "doodledandy"]
[Result "0-1"]
[WhiteCountry "ENG"]
[BlackCountry "CAN"]
[WhiteElo "2116"]
[WhiteRD "73"]
[BlackElo "2369"]
[BlackRD "65"]
[GameID "40521"]

1. e4 c5 2. Nf3 d6 3. d4 cxd4 4. Nxd4 Nf6 5. Nc3 g6 6. Be3 Bg7 7. f3 Nc6 8. Qd2 O-O 9. Bc4 Bd7 10. Nxc6 bxc6
11. O-O-O Qc7 12. Bg5 Rfd8 13. Kb1 Rab8 14. e5 dxe5
0-1

[Event "Thematic B78/22: Sicilian dragon, Yug. attack, Bc4"]
[Site "SchemingMind.com"]
[Date "2006.02.26"]
[Round "-"]
[White "jenricks"]
[Black "mkefeli"]
[Result "0-1"]
[WhiteCountry "ENG"]
[BlackCountry "TUR"]
[WhiteElo "1942"]
[WhiteRD "71"]
[BlackElo "1970"]
[BlackRD "84"]
[GameID "40522"]

1. e4 c5 2. Nf3 d6 3. d4 cxd4 4. Nxd4 Nf6 5. Nc3 g6 6. Be3 Bg7 7. f3 Nc6 8. Qd2 O-O 9. Bc4 Bd7 10. Nxc6 bxc6
11. O-O-O Qa5 12. Bh6 Rfb8 13. Bb3 Bh8 14. Kb1 Qc7 15. Rhe1 a5 16. Bg5 Be6 17. Bxe6 fxe6 18. f4 Qb7 19. b3 a4 20. Bxf6 Bxf6
21. e5 Bg7 22. Qe3 d5 23. Qh3 Kf7 24. Re3 c5
0-1

[Event "Thematic B78/22: Sicilian dragon, Yug. attack, Bc4"]
[Site "SchemingMind.com"]
[Date "2006.02.25"]
[Round "-"]
[White "Gary"]
[Black "jenricks"]
[Result "0-1"]
[WhiteCountry "ENG"]
[BlackCountry "ENG"]
[WhiteElo "1453"]
[WhiteRD "58"]
[BlackElo "2158"]
[BlackRD "69"]
[GameID "40523"]

1. e4 c5 2. Nf3 d6 3. d4 cxd4 4. Nxd4 Nf6 5. Nc3 g6 6. Be3 Bg7 7. f3 Nc6 8. Qd2 O-O 9. Bc4 Nxd4 10. Bxd4 Qc7
11. Bb3 Be6 12. Bxe6 fxe6 13. O-O Rac8 14. Qe3 Qc4 15. Bxa7 Nd7
0-1

[Event "Thematic B78/22: Sicilian dragon, Yug. attack, Bc4"]
[Site "SchemingMind.com"]
[Date "2006.02.25"]
[Round "-"]
[White "Erhaem"]
[Black "jenricks"]
[Result "1/2-1/2"]
[WhiteCountry "NED"]
[BlackCountry "ENG"]
[WhiteElo "2018"]
[WhiteRD "52"]
[BlackElo "2158"]
[BlackRD "69"]
[GameID "40524"]

1. e4 c5 2. Nf3 d6 3. d4 cxd4 4. Nxd4 Nf6 5. Nc3 g6 6. Be3 Bg7 7. f3 Nc6 8. Qd2 O-O 9. Bc4 Nxd4 10. Bxd4 Qc7
11. b3 Qa5 12. O-O Be6 13. Bxe6 fxe6 14. Qe3 e5 15. Bxa7 Qxa7 16. Qxa7 Rxa7 17. Nb5 Ra5 18. a4 Bh6 19. h4 Be3+ 20. Kh2 Rc8
21. c4 Raa8 22. Rae1 Bd2 23. Rd1 Bb4 24. Rd3 Nd7 25. Rfd1 Nc5 26. Re3 Rc6 27. g3 h6 28. Kh3 Rf8 29. Na7 Ra6 30. Nb5 Ba5
31. Kh2=
1/2-1/2

[Event "Thematic B78/22: Sicilian dragon, Yug. attack, Bc4"]
[Site "SchemingMind.com"]
[Date "2006.02.25"]
[Round "-"]
[White "doodledandy"]
[Black "jenricks"]
[Result "1-0"]
[WhiteCountry "CAN"]
[BlackCountry "ENG"]
[WhiteElo "2369"]
[WhiteRD "65"]
[BlackElo "2116"]
[BlackRD "73"]
[GameID "40525"]

1. e4 c5 2. Nf3 d6 3. d4 cxd4 4. Nxd4 Nf6 5. Nc3 g6 6. Be3 Bg7 7. f3 Nc6 8. Qd2 O-O 9. Bc4 Nxd4 10. Bxd4 Qc7
11. Bb3 Be6 12. O-O-O Bxb3 13. cxb3 Rfd8 14. Kb1 e6 15. g4
1-0

[Event "Thematic B78/22: Sicilian dragon, Yug. attack, Bc4"]
[Site "SchemingMind.com"]
[Date "2006.02.25"]
[Round "-"]
[White "mkefeli"]
[Black "jenricks"]
[Result "1-0"]
[WhiteCountry "TUR"]
[BlackCountry "ENG"]
[WhiteElo "1970"]
[WhiteRD "84"]
[BlackElo "1942"]
[BlackRD "71"]
[GameID "40526"]

1. e4 c5 2. Nf3 d6 3. d4 cxd4 4. Nxd4 Nf6 5. Nc3 g6 6. Be3 Bg7 7. f3 Nc6 8. Qd2 O-O 9. Bc4 Nxd4 10. Bxd4 Qc7
11. Bb3 Be6 12. O-O Bc4 13. Rf2 e6 14. Rd1 Rfd8 15. Qe1 Bxb3 16. axb3 d5 17. exd5 Nxd5 18. Bxg7 Kxg7 19. Nxd5 Rxd5 20. Rxd5 exd5
21. Qd1 Qc5 22. Kf1 d4 23. Rd2 Rd8 24. c3
1-0

[Event "Thematic B78/22: Sicilian dragon, Yug. attack, Bc4"]
[Site "SchemingMind.com"]
[Date "2006.03.03"]
[Round "-"]
[White "Julio Fuentes"]
[Black "Gary"]
[Result "0-1"]
[WhiteCountry "CHI"]
[BlackCountry "ENG"]
[WhiteElo "1663"]
[WhiteRD "91"]
[BlackElo "1425"]
[BlackRD "59"]
[GameID "40560"]

1. e4 c5 2. Nf3 d6 3. d4 cxd4 4. Nxd4 Nf6 5. Nc3 g6 6. Be3 Bg7 7. f3 Nc6 8. Qd2 O-O 9. Bc4 Bd7 10. O-O Rc8
11. Be2 a6 12. Rad1 Qc7 13. f4 b5 14. a3 Na5 15. f5 Nc4 16. Bxc4 Qxc4 17. fxg6 fxg6 18. Qd3 Ng4 19. Rxf8+ Bxf8 20. Qxc4+ bxc4
21. Bf4 e5
0-1

[Event "Thematic B78/22: Sicilian dragon, Yug. attack, Bc4"]
[Site "SchemingMind.com"]
[Date "2006.02.26"]
[Round "-"]
[White "Julio Fuentes"]
[Black "Erhaem"]
[Result "0-1"]
[WhiteCountry "CHI"]
[BlackCountry "NED"]
[WhiteElo "1735"]
[WhiteRD "81"]
[BlackElo "2020"]
[BlackRD "60"]
[GameID "40561"]

1. e4 c5 2. Nf3 d6 3. d4 cxd4 4. Nxd4 Nf6 5. Nc3 g6 6. Be3 Bg7 7. f3 Nc6 8. Qd2 O-O 9. Bc4 Bd7 10. O-O Rc8
11. Nxc6 Bxc6 12. Bb3 a5 13. Bd4 b5 14. a3 e5 15. Be3 a4 16. Ba2 Qc7 17. Rad1 Rfd8 18. Bg5 Rd7 19. Bxf6 Bxf6 20. Kh1 Qb6
21. Bd5 Qc5 22. Bxc6 Rxc6 23. Nd5 Bg7 24. Qg5 Ra6 25. Rd3 h6 26. Qd2 Qc8 27. Nb4 Rb6 28. Rd1 Kh8 29. Qf2 Qd8 30. Rd5 Kg8
31. Qe2 Qb8 32. Qe3 Qc7 33. R5d3 Qd8 34. R3d2 Rdb7 35. Rd5 Bf8 36. Rxe5 Bg7 37. Red5 Bxb2 38. e5 Qe7 39. f4 dxe5 40. fxe5 Re6
41. Qxh6 Rb8
0-1

[Event "Thematic B78/22: Sicilian dragon, Yug. attack, Bc4"]
[Site "SchemingMind.com"]
[Date "2006.02.26"]
[Round "-"]
[White "Julio Fuentes"]
[Black "doodledandy"]
[Result "0-1"]
[WhiteCountry "CHI"]
[BlackCountry "CAN"]
[WhiteElo "1735"]
[WhiteRD "81"]
[BlackElo "2379"]
[BlackRD "76"]
[GameID "40562"]

1. e4 c5 2. Nf3 d6 3. d4 cxd4 4. Nxd4 Nf6 5. Nc3 g6 6. Be3 Bg7 7. f3 Nc6 8. Qd2 O-O 9. Bc4 Bd7 10. O-O Ne5
11. Bb3 Rc8 12. Rad1 Nc4 13. Bxc4 Rxc4 14. Nb3 Qc7 15. Bd4 Be6 16. f4 Qd7 17. Qd3 Rcc8 18. Nd2 Qc7 19. f5 Bd7 20. Nb3 b6
21. Bxf6 Bxf6 22. Nd5 Qxc2 23. Nxf6+ exf6 24. Qd4 Bb5 25. Rf2 Qc4 26. Qxd6 Rfd8 27. Qxd8+ Rxd8 28. Rxd8+ Kg7 29. Rd4 Qc7 30. a4 Ba6
31. h3 Qe5 32. Rf3 Bb7 33. g4 h5 34. fxg6 fxg6 35. gxh5 Bxe4 36. Re3 f5 37. hxg6 Kxg6 38. Rd2 f4
0-1

[Event "Thematic B78/22: Sicilian dragon, Yug. attack, Bc4"]
[Site "SchemingMind.com"]
[Date "2006.02.26"]
[Round "-"]
[White "Julio Fuentes"]
[Black "jenricks"]
[Result "1-0"]
[WhiteCountry "CHI"]
[BlackCountry "ENG"]
[WhiteElo "1663"]
[WhiteRD "96"]
[BlackElo "1883"]
[BlackRD "91"]
[GameID "40563"]

1. e4 c5 2. Nf3 d6 3. d4 cxd4 4. Nxd4 Nf6 5. Nc3 g6 6. Be3 Bg7 7. f3 Nc6 8. Qd2 O-O 9. Bc4 Nxd4 10. Bxd4 Qc7
11. Bb3 Be6 12. O-O Bc4 13. Rf2 e6 14. Rd1 Rac8 15. Bxc4 Qxc4 16. a3 Qc6 17. Bxa7 Rfd8 18. Bd4 b5 19. Qg5 e5 20. Be3 d5
21. Rfd2 h6 22. Qh4 d4 23. Bxh6 Qb6 24. Nd5 Nxd5 25. Bxg7 Kxg7 26. exd5 d3+ 27. Kf1 dxc2 28. Rc1 Rc4 29. Qe1 Qd6 30. Rdxc2 Rxc2
31. Rxc2 Qxd5 32. h3
1-0

[Event "Thematic B78/22: Sicilian dragon, Yug. attack, Bc4"]
[Site "SchemingMind.com"]
[Date "2006.02.26"]
[Round "-"]
[White "Julio Fuentes"]
[Black "mkefeli"]
[Result "0-1"]
[WhiteCountry "CHI"]
[BlackCountry "TUR"]
[WhiteElo "1782"]
[WhiteRD "82"]
[BlackElo "1970"]
[BlackRD "84"]
[GameID "40564"]

1. e4 c5 2. Nf3 d6 3. d4 cxd4 4. Nxd4 Nf6 5. Nc3 g6 6. Be3 Bg7 7. f3 Nc6 8. Qd2 O-O 9. Bc4 Bd7 10. O-O Rc8
11. Nxc6 Bxc6 12. Bd3 Nd7 13. Rab1 a6 14. Rfd1 b5 15. Nd5 Nc5 16. Be2 f5 17. Bg5 Rf7 18. exf5 gxf5 19. c4 Qf8 20. Be3 Kh8
21. Bd4 e5 22. Bxc5 dxc5
0-1

[Event "Thematic B78/22: Sicilian dragon, Yug. attack, Bc4"]
[Site "SchemingMind.com"]
[Date "2006.02.26"]
[Round "-"]
[White "Gary"]
[Black "Julio Fuentes"]
[Result "1-0"]
[WhiteCountry "ENG"]
[BlackCountry "CHI"]
[WhiteElo "1425"]
[WhiteRD "59"]
[BlackElo "1663"]
[BlackRD "91"]
[GameID "40565"]

1. e4 c5 2. Nf3 d6 3. d4 cxd4 4. Nxd4 Nf6 5. Nc3 g6 6. Be3 Bg7 7. f3 Nc6 8. Qd2 O-O 9. Bc4 Ne5 10. Bb3 a5
11. O-O Bd7 12. a4 Rc8 13. Rac1 Nc4 14. Qf2 Nxb2 15. Rb1 Nc4 16. Nce2 Nxe3 17. Qxe3 Rc7 18. Nb5 Bxb5 19. axb5 Nd7 20. c4 Nc5
21. Bc2 b6 22. Nd4
1-0

[Event "Thematic B78/22: Sicilian dragon, Yug. attack, Bc4"]
[Site "SchemingMind.com"]
[Date "2006.02.26"]
[Round "-"]
[White "Erhaem"]
[Black "Julio Fuentes"]
[Result "0-1"]
[WhiteCountry "NED"]
[BlackCountry "CHI"]
[WhiteElo "2032"]
[WhiteRD "51"]
[BlackElo "1770"]
[BlackRD "80"]
[GameID "40566"]

1. e4 c5 2. Nf3 d6 3. d4 cxd4 4. Nxd4 Nf6 5. Nc3 g6 6. Be3 Bg7 7. f3 Nc6 8. Qd2 O-O 9. Bc4 Nd7 10. O-O-O Nce5
11. Be2 Nb6 12. Bg5 Nec4 13. Bxc4 Nxc4 14. Qd3 Ne5 15. Qe2 h6 16. Be3 Bd7 17. h4 Rc8 18. h5 g5 19. Nf5 Bxf5 20. exf5 Qd7
21. Bxa7 Rxc3 22. bxc3 Qa4 23. f6 Bxf6 24. Qf2 Nc4 25. Rde1 Bxc3 26. f4 Rc8 27. Kd1 Nb2+
0-1

[Event "Thematic B78/22: Sicilian dragon, Yug. attack, Bc4"]
[Site "SchemingMind.com"]
[Date "2006.02.26"]
[Round "-"]
[White "doodledandy"]
[Black "Julio Fuentes"]
[Result "1-0"]
[WhiteCountry "CAN"]
[BlackCountry "CHI"]
[WhiteElo "2388"]
[WhiteRD "68"]
[BlackElo "1827"]
[BlackRD "78"]
[GameID "40567"]

1. e4 c5 2. Nf3 d6 3. d4 cxd4 4. Nxd4 Nf6 5. Nc3 g6 6. Be3 Bg7 7. f3 Nc6 8. Qd2 O-O 9. Bc4 Ne5 10. Bb3 Bd7
11. Bh6 Bxh6 12. Qxh6 a5 13. a4 Qb6 14. O-O-O Rac8 15. h4 Rxc3 16. bxc3 Qc5 17. h5 Nxh5 18. Rxh5 gxh5 19. Rh1 Qxc3 20. Kb1 Bg4
21. Ne2 Qc5 22. Nf4 Qe3 23. fxg4 h4 24. Rxh4 Qxe4 25. Rh5 e6 26. Qf6 Re8 27. Nxe6 Qg6 28. Rg5 fxe6 29. Bxe6+ Rxe6 30. Qxe6+ Kg7
31. Rxg6+
1-0

[Event "Thematic B78/22: Sicilian dragon, Yug. attack, Bc4"]
[Site "SchemingMind.com"]
[Date "2006.02.26"]
[Round "-"]
[White "jenricks"]
[Black "Julio Fuentes"]
[Result "0-1"]
[WhiteCountry "ENG"]
[BlackCountry "CHI"]
[WhiteElo "1883"]
[WhiteRD "96"]
[BlackElo "1663"]
[BlackRD "101"]
[GameID "40568"]

1. e4 c5 2. Nf3 d6 3. d4 cxd4 4. Nxd4 Nf6 5. Nc3 g6 6. Be3 Bg7 7. f3 Nc6 8. Qd2 O-O 9. Bc4 Ne5 10. Bb3 Bd7
11. O-O-O a5 12. a4 Rc8 13. Qe2 h6 14. Ndb5 Bxb5 15. Qxb5 Nfd7 16. Kb1 Nc5 17. Bxc5 Rxc5 18. Qxb7 Nc4 19. Bxc4 Rxc4 20. Rd3 Rb4
21. Qa7 Qc8 22. Kc1 Qc4 23. Qxe7 Rfb8 24. Re1 Rxb2 25. e5 Qf4+ 26. Ree3 Bxe5 27. g3 Bxc3 28. Rxc3 Qd4 29. Rcd3 Rxc2+ 30. Kxc2 Qxa4+
31. Kd2 Rb2+ 32. Ke1 Rb1+
0-1

[Event "Thematic B78/22: Sicilian dragon, Yug. attack, Bc4"]
[Site "SchemingMind.com"]
[Date "2006.02.26"]
[Round "-"]
[White "mkefeli"]
[Black "Julio Fuentes"]
[Result "1-0"]
[WhiteCountry "TUR"]
[BlackCountry "CHI"]
[WhiteElo "1970"]
[WhiteRD "84"]
[BlackElo "1782"]
[BlackRD "82"]
[GameID "40569"]

1. e4 c5 2. Nf3 d6 3. d4 cxd4 4. Nxd4 Nf6 5. Nc3 g6 6. Be3 Bg7 7. f3 Nc6 8. Qd2 O-O 9. Bc4 Ne5 10. Bb3 Bd7
11. O-O-O a5 12. a4 Rc8 13. Qe2 Qe8 14. h4 Rxc3 15. bxc3 Bxa4 16. h5 Nxh5 17. g4 Bxb3 18. cxb3 Ng3 19. Qh2 Nxh1 20. Rxh1 f5
21. Qxh7+ Kf7 22. Bh6 Rg8 23. gxf5
1-0

[Event "Thematic B78/22: Sicilian dragon, Yug. attack, Bc4"]
[Site "SchemingMind.com"]
[Date "2006.03.07"]
[Round "-"]
[White "capablanca"]
[Black "Gary"]
[Result "1-0"]
[WhiteCountry "GER"]
[BlackCountry "ENG"]
[WhiteElo "1599"]
[WhiteRD "61"]
[BlackElo "1477"]
[BlackRD "63"]
[GameID "40733"]

1. e4 c5 2. Nf3 d6 3. d4 cxd4 4. Nxd4 Nf6 5. Nc3 g6 6. Be3 Bg7 7. f3 Nc6 8. Qd2 O-O 9. Bc4 Bd7 10. O-O-O a6
11. g4 Ne5 12. Bb3 b5 13. h4 h5 14. gxh5 Nxh5 15. Bh6 Rb8 16. Bxg7 Nxg7 17. f4 Nc4 18. Bxc4 bxc4 19. f5 e5 20. Nf3 Qb6
21. b3 gxf5 22. Rdg1 f6 23. Nd5 Qa5 24. Qxa5
1-0

[Event "Thematic B78/22: Sicilian dragon, Yug. attack, Bc4"]
[Site "SchemingMind.com"]
[Date "2006.02.28"]
[Round "-"]
[White "capablanca"]
[Black "Erhaem"]
[Result "0-1"]
[WhiteCountry "GER"]
[BlackCountry "NED"]
[WhiteElo "1615"]
[WhiteRD "64"]
[BlackElo "2032"]
[BlackRD "51"]
[GameID "40734"]

1. e4 c5 2. Nf3 d6 3. d4 cxd4 4. Nxd4 Nf6 5. Nc3 g6 6. Be3 Bg7 7. f3 Nc6 8. Qd2 O-O 9. Bc4 Bd7 10. O-O-O Rc8
11. Nb3 Nb4 12. Be2 Rxc3 13. bxc3 Nxe4 14. fxe4 Bxc3
0-1

[Event "Thematic B78/22: Sicilian dragon, Yug. attack, Bc4"]
[Site "SchemingMind.com"]
[Date "2006.02.27"]
[Round "-"]
[White "capablanca"]
[Black "doodledandy"]
[Result "0-1"]
[WhiteCountry "GER"]
[BlackCountry "CAN"]
[WhiteElo "1615"]
[WhiteRD "64"]
[BlackElo "2369"]
[BlackRD "65"]
[GameID "40735"]

1. e4 c5 2. Nf3 d6 3. d4 cxd4 4. Nxd4 Nf6 5. Nc3 g6 6. Be3 Bg7 7. f3 Nc6 8. Qd2 O-O 9. Bc4 Bd7 10. O-O Ne5
11. Bb3 Rc8 12. Bh6 Bxh6 13. Qxh6 Qb6
0-1